A beginner's guide to doing your education research project / (Record no. 98991)

MARC details
000 -LEADER
fixed length control field 01882cam a2200421 i 4500
001 - CONTROL NUMBER
control field 17163232
003 - CONTROL NUMBER IDENTIFIER
control field URS
005 - DATE AND TIME OF LATEST TRANSACTION
control field 20260311072028.0
008 - FIXED-LENGTH DATA ELEMENTS--GENERAL INFORMATION
fixed length control field 120214s2012 enk b 001 0 eng d
010 ## - LIBRARY OF CONGRESS CONTROL NUMBER
LC control number 2012933234
016 7# - NATIONAL BIBLIOGRAPHIC AGENCY CONTROL NUMBER
Record control number 016102913
Source Uk
020 ## - INTERNATIONAL STANDARD BOOK NUMBER
International Standard Book Number 0857029800
020 ## - INTERNATIONAL STANDARD BOOK NUMBER
International Standard Book Number 9780857029805
020 ## - INTERNATIONAL STANDARD BOOK NUMBER
International Standard Book Number 0857029819
020 ## - INTERNATIONAL STANDARD BOOK NUMBER
International Standard Book Number 9780857029812
035 ## - SYSTEM CONTROL NUMBER
System control number 17163232
035 ## - SYSTEM CONTROL NUMBER
System control number (OCoLC)794038020
040 ## - CATALOGING SOURCE
Original cataloging agency YDXCP
Language of cataloging eng
Transcribing agency YDXCP
Description conventions rda
Modifying agency UKMGB
-- BTCTA
-- BWK
-- YNK
-- CDX
-- SIRPL
-- YBM
-- BWX
-- CUD
-- IAI
-- OCLCF
-- KSU
-- OCLCQ
-- DLC
042 ## - AUTHENTICATION CODE
Authentication code lccopycat
050 00 - LIBRARY OF CONGRESS CALL NUMBER
Classification number LB 1028
Item number .L172 2012
100 1# - MAIN ENTRY--PERSONAL NAME
Personal name Lambert, Mike,
Dates associated with a name 1950-
245 12 - TITLE STATEMENT
Title A beginner's guide to doing your education research project /
Statement of responsibility, etc. Mike Lambert.
246 30 - VARYING FORM OF TITLE
Title proper/short title Doing your education research project
264 #1 - PRODUCTION, PUBLICATION, DISTRIBUTION, MANUFACTURE, AND COPYRIGHT NOTICE
Place of production, publication, distribution, manufacture Los Angeles :
Name of producer, publisher, distributor, manufacturer SAGE,
Date of production, publication, distribution, manufacture, or copyright notice 2012.
300 ## - PHYSICAL DESCRIPTION
Extent viii, 234 pages ;
Dimensions 24 centimeters.
336 ## - CONTENT TYPE
Content type term text
Content type code txt
Source rdacontent
337 ## - MEDIA TYPE
Media type term unmediated
Media type code n
Source rdamedia
338 ## - CARRIER TYPE
Carrier type term volume
Carrier type code nc
Source rdacarrier
500 ## - GENERAL NOTE
General note Includes glossary.
504 ## - BIBLIOGRAPHY, ETC. NOTE
Bibliography, etc. note Includes bibliographical references and index.
505 0# - FORMATTED CONTENTS NOTE
Formatted contents note Learning about research -- Research, 'paradigms' and ethics -- The process of doing research -- Learning from other research -- Doing research -- Choosing your topic -- Research questions -- Literature review -- Choosing your methods -- Designing your research instruments -- Validity, reliability and ethical approval -- Carrying out your investigation -- Analysing and writing up -- Analysing data and producing your findings -- Writing up your project -- Conclusion.
650 #0 - SUBJECT ADDED ENTRY--TOPICAL TERM
Topical term or geographic name entry element Education
General subdivision Research.
650 #7 - SUBJECT ADDED ENTRY--TOPICAL TERM
Topical term or geographic name entry element Education
General subdivision Research.
Source of heading or term fast
Authority record control number or standard number (OCoLC)fst00902743
906 ## - LOCAL DATA ELEMENT F, LDF (RLIN)
a 7
b cbc
c copycat
d 2
e ncip
f 20
g y-gencatlg
942 ## - ADDED ENTRY ELEMENTS (KOHA)
Source of classification or shelving scheme Library of Congress Classification
Koha item type Foreign Books
Classification part LB 1028
Item part .L172 2012
Holdings
Withdrawn status Source of classification or shelving scheme Damaged status Not for loan Home library Current library Shelving location Date acquired Total Checkouts Full call number Barcode Date last seen Copy number Price effective from Koha item type
  Library of Congress Classification     Angono College Library Angono College Library Foreign Section 03/11/2026   LB 1028 .L172 2012 URSANG-2700 03/11/2026 1 03/11/2026 Foreign Books
  Library of Congress Classification     Angono College Library Angono College Library Foreign Section 03/11/2026   LB 1028 .L172 2012 URSANG-2701 03/11/2026 2 03/11/2026 Foreign Books

University of Rizal System
Email us at univlibservices@urs.edu.ph

Visit our Website www.urs.edu.ph/library